| 000 | 01040cam a2200265 a 4500 | ||
|---|---|---|---|
| 003 | OSt | ||
| 005 | 20210302153218.0 | ||
| 008 | 131015s2010 ck ao r 000 0 spa d | ||
| 020 | _a9789584475213 | ||
| 040 |
_aCO-BoPUJ _cCO-JMCR |
||
| 041 | 0 | _aspa | |
| 082 | 0 | 4 |
_a303.62 _bN234h _223 |
| 245 | 0 | 0 |
_aNarrativas visibles 2010: _bla historia detrás de estos ojos / _cFernando Iván Méndez, Martha Diani Vargas, Julia Consuelo Yanque Salgado, [y 86 más] |
| 250 | _aPrimera edición | ||
| 260 |
_aBogotá : _bDefensoría del Pueblo, _c2010. |
||
| 300 |
_av.1 : _bilustraciones, fotos _c23 cm. |
||
| 490 | 0 | _aColección narrativas visibles | |
| 500 | _aIncluye glosario. | ||
| 505 | 0 | _aSan Martín -- Puerto Gaitán -- Villavicencio -- Puerto López -- Granada | |
| 650 | 1 | 4 |
_aConflicto armado _vRelatos personales _zColombia _914260 |
| 650 | 2 | 4 |
_aConflicto armado _xAspectos sociales _zColombia _910216 |
| 700 | 1 |
_aVargas, Martha Diani, _eautora _914261 |
|
| 700 | 1 |
_aYanque Salgado, Julia Consuelo, _eautora _914262 |
|
| 942 |
_2ddc _cBK |
||
| 999 |
_c7416 _d7416 |
||